Countries that Hate Each Other - Statistics

General Stats
  • This quiz has been taken 3,166 times
    3,104 since last reset
  • The average score is 13 of 17
Answer Stats
Hint Answer % Correct
Taiwan China
95%
Pakistan India
89%
Ukraine Russia
88%
Russia United States of America
86%
South Korea North Korea
82%
Turkey Greece
79%
Armenia Azerbaijan
78%
Sudan South Sudan
76%
Israel Palestine
75%
North Korea Japan
74%
Dominican Republic Haiti
70%
Serbia Kosovo
70%
Iran Saudi Arabia
68%
Western Sahara Morocco
67%
Ethiopia Eritrea
62%
Hungary Romania
58%
Iraq Kuwait
50%
No matching quizzes found
Score Distribution
Percent of People with Each Score
Percentile by Number Answered
Your Score History
You have not taken this quiz since the last reset